Bác Hồ sự cảm hoá kỳ diệu /
Enregistré dans:
| Autres auteurs: | , , |
|---|---|
| Format: | Sách giấy |
| Langue: | Vietnamese |
| Publié: |
H. :
Thanh Niên,
2001
|
| Tags: |
Ajouter un tag
Pas de tags, Soyez le premier à ajouter un tag!
|
| Thư viện lưu trữ: | Thư viện Trường Đại học Đà Lạt |
|---|
| LEADER | 00846nam a2200325 4500 | ||
|---|---|---|---|
| 001 | DLU030020911 | ||
| 003 | ##DLU | ||
| 005 | ##20021230 | ||
| 008 | ##021230t vn z000 vie d | ||
| 040 | # | # | |a DLU |b vie |
| 041 | # | # | |a vie |
| 044 | # | # | |a vn |
| 082 | # | # | |a 923.1 |b Bac |
| 245 | # | # | |a Bác Hồ sự cảm hoá kỳ diệu / |c Nguyễn Xuân Thông chủ biên ;Nguyễn Minh Hương, ... [và những người khác] |
| 260 | # | # | |a H. : |b Thanh Niên, |c 2001 |
| 300 | # | # | |a 75 tr. ; |c 19 cm |
| 700 | # | # | |a Nguyễn Minh Hương |
| 700 | # | # | |a Nguyễn Xuân Thông |e chủ biên |
| 700 | # | # | |a Phạm Thị Lai |
| 992 | # | # | |a 8000 |
| 994 | # | # | |a DLU |
| 900 | # | # | |a True |
| 911 | # | # | |a Thái Thị Thanh Thủy |
| 925 | # | # | |a G |
| 926 | # | # | |a A |
| 927 | # | # | |a SH |
| 980 | # | # | |a Thư viện Trường Đại học Đà Lạt |